000 00433nmm a2200157Ia 4500
008 251105s9999||||xx |||||||||||||||||und||
041 _aspa
100 _aCalderón de la Barca, Pedro
245 0 _aEl príncipe constante
264 _a[Madrid, España] :
_bLinkgua,
_c2011
300 _a131 páginas
490 _aTeatro
650 _aSpanish theater
856 _uhttps://public.digitaliapublishing.com/a/15259
942 _cCF
999 _c100787
_d100787